| 000 | 02962nam a22002297a 4500 | ||
|---|---|---|---|
| 005 | 20260701162848.0 | ||
| 008 | 260616b |||||||| |||| 00| 0 eng d | ||
| 020 | _a819308764x | ||
| 040 | _cAL | ||
| 041 | _akan | ||
| 082 |
_a079.54K _bRAOP |
||
| 100 |
_aG N Ranganatha Rao _9266111 |
||
| 100 |
_dಜಿ ಎನ್ ರಂಗನಾಥರಾವ್ _9265672 |
||
| 245 |
_aPatrikodyama _b: ಪತ್ರಿಕೋದ್ಯಮ |
||
| 260 |
_aBengaluru _bKamadhenu Pustaka Bhavana _c2020 |
||
| 300 |
_a792p _bPB _c22.5x14.5 |
||
| 365 |
_2Kannada _aAM-000007 _b₹800.00 _c₹ _d₹1000.00 _e20% _f11-05-2026 |
||
| 520 | _aಮುಖ್ಯ ಅಂಶಗಳು:ಐತಿಹಾಸಿಕ ಹಿನ್ನೆಲೆ: ಪತ್ರಿಕೋದ್ಯಮ ಹಾಗೂ ಕನ್ನಡ ಪತ್ರಿಕೋದ್ಯಮ ನಡೆದು ಬಂದ ದಾರಿಯ ಒಂದು ಸಮಗ್ರ ಗೋಷ್ವಾರೆ ನೋಟವನ್ನು ಈ ಕೃತಿಯಲ್ಲಿ ವಿಶ್ಲೇಷಿಸಲಾಗಿದೆ.ಆಧುನಿಕ ತಂತ್ರಜ್ಞಾನದ ಪ್ರಭಾವ: ಪ್ರಸ್ತುತ ಕಾಲಘಟ್ಟದಲ್ಲಿ ಕನ್ನಡ ಪತ್ರಿಕೋದ್ಯಮವು ಕಂಪ್ಯೂಟರ್ ಮತ್ತು ಡಿಜಿಟಲ್ ತಂತ್ರಜ್ಞಾನದ ಯುಗದಲ್ಲಿ ಊಹೆಗೂ ನಿಲುಕದ ವೇಗದಲ್ಲಿ ಜಿದ್ದಾಜಿದ್ದಿಯಾಗಿ ಓಡುತ್ತಿರುವುದನ್ನು ಈ ಪುಸ್ತಕವು ಸೂಕ್ಷ್ಮವಾಗಿ ಚಿತ್ರಿಸುತ್ತದೆ.ಮೂರು ವಿಭಾಗಗಳು (ನೋಟಗಳು): ಈ ಕೃತಿಯು ಮೂರು ಪ್ರಮುಖ ನೋಟಗಳನ್ನು ಒಳಗೊಂಡಿದ್ದು, ಮುದ್ರಣ ಮತ್ತು ಎಲೆಕ್ಟ್ರಾನಿಕ್ ಮಾಧ್ಯಮಗಳ ಒಟ್ಟಾರೆ ಚಿತ್ರಣವನ್ನು ನೀಡುತ್ತದೆ.ತೌಲನಾತ್ಮಕ ಅಧ್ಯಯನ: ಹಳೆಯ ತಲೆಮಾರಿನ ಮೌಲ್ಯಯುತ ಪತ್ರಿಕೋದ್ಯಮ ಹಾಗೂ ವರ್ತಮಾನದ ವಾಣಿಜ್ಯೀಕರಣಗೊಂಡ ಕಾರ್ಪೊರೇಟ್ ಸ್ವರೂಪದ ಪತ್ರಿಕೋದ್ಯಮವನ್ನು ಲೇಖಕರು ಇಲ್ಲಿ ತೌಲನಾತ್ಮಕವಾಗಿ ಅಧ್ಯಯನ ನಡೆಸಿದ್ದಾರೆ. ವಿಶೇಷವಾಗಿ ಇತ್ತೀಚಿನ ದಿನಗಳಲ್ಲಿ ಕನ್ನಡ ಪತ್ರಿಕೋದ್ಯಮದ ವೃತ್ತಿಪರತೆ ಮತ್ತು ಗುಣಮಟ್ಟ ಕುಸಿಯುತ್ತಿರುವುದರ ಕುರಿತು ಆಳವಾದ ಆತಂಕ ಹಾಗೂ ವಿಶ್ಲೇಷಣೆಯನ್ನು ವ್ಯಕ್ತಪಡಿಸಿದ್ದಾರೆ. | ||
| 650 |
_aJournalism _9265673 |
||
| 650 |
_aಪುನರ್ ಪರಿಷ್ಕ್ರಿತ ಸಮಗ್ರ ಸಂಪುಟ _9266112 |
||
| 942 |
_2ddc _cBK |
||
| 999 |
_c241508 _d241508 |
||